000 00262nam a2200109Ia 4500
008 240625s9999 xx 000 0 und d
041 _aeng
082 _a658.5 FIN
100 _aFINCH BYRON J
245 _aOPERATIONS NOW SUPPLY CHAIN PROFITABILIT
260 _c2007
999 _c33875
_d33875